000 00610nam a2200181Ia 4500
008 100920s9999 xx 000 0 und d
082 _b65454
_a28 व 375 थ 94
100 _aथत्ते यदुनाथ.
245 _aप्रतिज्ञा.
260 _bइंद्रायणी साहित्य प्रकाशन पुणे 30.
_c1994
300 _a48
_bसाधी
365 _b15
520 _aबा.वि.शालो.
630 _aप्रतिज्ञा.
650 _aबा.वि.शालो.
730 _aप्रतिज्ञा.
942 _cBOOK
999 _c708214
_d708211